| 000 | 00729nam a22002417a 4500 | ||
|---|---|---|---|
| 003 | CHAP | ||
| 005 | 20220329134811.0 | ||
| 008 | 971013s r 00010 d | ||
| 010 | _a26169 | ||
| 011 | _a27141 | ||
| 035 | _a31242 | ||
| 040 | _cCHAP | ||
| 090 | _aR-636 | ||
| 100 | 0 | 0 |
_aBurril, L. C. _916272 |
| 245 | _aNew techniques in weed control | ||
| 500 | _aSobretiro de : Proc. of the Fourth Asian-Pacific Weed Science Society Conference. Rotorua, New Zealand, 1973 : 306-310 | ||
| 590 |
_aBATCH-UPD _b10 _c20130110 _lUCH01 _h1308 |
||
| 590 |
_aCONVERSION _b10 _c20130109 _lUCH01 _h1315 |
||
| 650 | 1 | 4 |
_aMalas hierbas _xControl. _970011 |
| 901 | _aBK | ||
| 942 | _cREIMP | ||
| 949 |
_aR-636 _bBC _cR _d-72240 _eTS1 _i31242 _si |
||
| 999 |
_c26169 _d26169 |
||